| 000 | 00396cam a2200157ua 4500 | ||
|---|---|---|---|
| 041 |
_aeng _h |
||
| 082 |
_a613.113 _bWIL/JO |
||
| 100 | _aWilkie, W . | ||
| 245 |
_aJordhan`s tropical hygiene and sanitation / _cW Wilkie. _hTextual Documents |
||
| 250 |
_a4 / _b. |
||
| 260 |
_a : _bBaillierie,Tyndall and Cox , _c1965. |
||
| 300 | _a437 ; . | ||
| 504 | _a | ||
| 942 | _cBK | ||
| 999 |
_c6258 _d6258 |
||